000 nam a22 7a 4500
999 _c28737
_d28737
008 170317b xxu||||| |||| 00| 0 eng d
020 _a9780073397542
050 _aGN 325 .A54 2008
100 _d2008
245 _aAnthropolpgy:
_b08/09.
250 _a13th ed
260 _aBoston:
_bMcGrawHil,
_c2008.
300 _axviii,221.p
650 _aAnthropology-periodicals.
942 _2lcc
_cBOOKS
_hGN 325 .A54 2008